Cinnamon for intercropping under rubber (Record no. 55604)

MARC details
000 -LEADER
fixed length control field 00396nam a2200145Ia 4500
100 ## - MAIN ENTRY--AUTHOR NAME
Personal name Pathiratna L S S
245 #0 - TITLE STATEMENT
Title Cinnamon for intercropping under rubber
260 ## - PUBLICATION, DISTRIBUTION, ETC. (IMPRINT)
Name of publisher Bulletin of the Rubber Research Institute of Sri Lanka
Year of publication 2006
300 ## - PHYSICAL DESCRIPTION
Number of Pages 17-23
650 ## - SUBJECT ADDED ENTRY--TOPICAL TERM
Topical Term Cinnamon
650 ## - SUBJECT ADDED ENTRY--TOPICAL TERM
Topical Term Intercropping
650 ## - SUBJECT ADDED ENTRY--TOPICAL TERM
Topical Term Sri Lanka
942 ## - ADDED ENTRY ELEMENTS (KOHA)
Koha item type Journals
Holdings
Withdrawn status Lost status Damaged status Not for loan Home library Current library Shelving location Date acquired Serial Enumeration / chronology Koha item type
      Journals RRII Library RRII Library Agricultural economics 04/06/2007 Volume 47, Issue Journals